America Capitals - Statistics

General Stats
  • This quiz has been taken 16 times
  • The average score is 28 of 35
Answer Stats
Country Capital % Correct
Cuba Havana
100%
Mexico Mexico City
100%
United States Washington D.C.
100%
Colombia Bogota
93%
Brazil Brasilia
93%
Argentina Buenos Aires
93%
Venezuela Caracas
93%
Jamaica Kingston
93%
Saint Vincent & Grenadines Kingstown
93%
Peru Lima
93%
Uruguay Montevideo
93%
Canada Ottawa
93%
Ecuador Quito
93%
Chile Santiago
93%
Paraguay Asuncion
87%
Bolivia(Admin.) La Paz
87%
Panama Panama City
87%
Guatemala Guatemala City
80%
Bahamas Nassau
80%
Haiti Port au Prince
80%
Costa Rica San Jose
80%
Guyana Georgetown
73%
Nicaragua Managua
73%
El Salvador San Salvador
73%
Dominican Republic Santo Domingo
73%
Belize Belmopan
67%
Barbados Bridgetown
60%
Saint Lucia Castries
60%
Suriname Paramaribo
60%
Trinidad & Tobago Port of Spain
60%
Antigua & Barbuda Saint John's
60%
Dominica Roseau
53%
Grenada Saint George's
53%
Saint Kitts & Nevis Basseterre
47%
Honduras Tegucigalpa
47%
No matching quizzes found
Score Distribution
Percent of People with Each Score
Percentile by Number Answered
Your Score History
You have not taken this quiz